000
003130000a22001450004500
003
MACL
040
_a
MACL
090
_c
6706
_d
6705
100
_a
Deussen, Dr. Paul
245
_a
Outlines Of Indian Philosophy
260
_b
Ess Ess Publications
_c
1976
350
_a
25
650
_a
Philisophy
942
_c
BOOK
_k
100
999
_c
6658
_d
6658